000 01475nam0a2200373 4500
001 RU\NLR\bibl\184932
005 20260408193538.0
010 _a5-7287-0201-5
_92030
021 _aRU
_b2001-22819
_91081
035 _a(NLR Aleph) 000181512
090 _a1047998
_c1047998
100 _a20010731d2001 u y0rusy50 ca
101 0 _arus
102 _aRU
105 _aa |||||||||
200 1 _aОсобенности национального поведения
_fМ.Ю. Алексеев, К.А. Крылов
210 _aМ.
_cАрт-бизнес-центр
_d2001
215 _a318 с.
_cил.
_d21
300 _aНа 4-с. обл. 1-й авт.: д.э.н. М.Ю. Алексеев
606 _aПоведение (этногр.)
_xРусские
_3RU\NLR\auth\661334625
_92222820
610 0 _aЭтносоциология
675 _a316.6
_v3
_zrus
686 _a04
_2rugasnti
686 _a88.5
_2rubbk
686 _aС550.67
700 1 _4070
_8rus
_7ca
_aАлексеев
_bМ. Ю.
_cд-р экон. наук, фотограф
_f1964-
_gМихаил Юрьевич
_3RU\NLR\AUTH\77114714
_997639
701 1 _4070
_8rus
_7ca
_aКрылов
_bК. А.
_cпублицист, обществ. деятель
_f1967-2020
_gКонстантин Анатольевич
_3RU\NLR\AUTH\7747639
_930574
801 0 _aRU
_bRKP
_c20010731
_gPSBO
801 1 _aRU
_bRKP
_c20010731
801 2 _aRU
_bNLR
_c20130708
_grcr
942 _cBOOK
980 _aNB